Discours de métaphysique
Gorde:
| Egile nagusia: | |
|---|---|
| Formatua: | Liburua |
| Hizkuntza: | frantsesa |
| Argitaratua: |
París
J. Vrin
1929
|
| Saila: | Bibliothéque des Textes Philosophiques
|
| Gaiak: | |
| Etiketak: |
Etiketa erantsi
Etiketarik gabe, Izan zaitez lehena erregistro honi etiketa jartzen!
|
MARC
| LEADER | 00000nam a2200000 a 4500 | ||
|---|---|---|---|
| 001 | UCZ3755 | ||
| 003 | CL-VaPUC | ||
| 008 | 951027e19290000FR |||||||||||||||||fre|d | ||
| 082 | 0 | 4 | |a 110 |b LEI |2 21 |
| 100 | |a Leibniz, Gottfried Wilhelm |e author |9 429654 | ||
| 245 | 1 | 0 | |a Discours de métaphysique |
| 300 | |a 94 p | ||
| 942 | |c BK | ||
| 945 | |d 19951027 00:00:00 |a cmena | ||
| 260 | |a París |b J. Vrin |c 1929 | ||
| 650 | 0 | |a Idealismo |9 265685 | |
| 650 | 0 | |a Metafísica |9 265649 | |
| 650 | 0 | |a Filosofía alemana |9 265002 | |
| 583 | |a last modification |c 19951027 00:00:00 |k Rodrigo Vera | ||
| 490 | 0 | |a Bibliothéque des Textes Philosophiques | |
| 999 | |c 240203 |d 240201 | ||
| 952 | |0 0 |1 0 |4 0 |6 110_000000000000000_LEI_1929 |7 0 |8 P |9 251924 |a BIBEDU |b BIBEDU |c BIBEDU_PB |d 2019-11-18 |i 1588567 |o 110 LEI 1929 |p 1588567 |r 2024-01-25 |w 2019-11-18 |y BK |k FIL | ||